000 01060cam a22003257a 4500
003 CHAP
005 20220817042738.0
008 971013s1948 r 00010 d
010 _a54255
011 _a55227
035 _a59379
040 _cCHAP
090 _aTesis
100 0 0 _aSánchez Solís, Francisco Xavier.
_9107878
245 1 3 _aLa caña de azúcar y su cultivo en relación con la industria azucarera en México
260 _aChapingo, Méx. :
_bEl autor,
_c1948
300 _as.p.
502 _aTesis (Ing. Agr. Esp. en Agricultura) -- ENA
590 _aALEPH
_b10
_c20130110
_lUCH01
_h1331
590 _aBATCH-UPD
_b10
_c20130110
_lUCH01
_h0753
590 _aBATCH-UPD
_b10
_c20130410
_lUCH01
_h0433
590 _aBATCH-UPD
_b10
_c20130914
_lUCH01
_h0510
590 _aCONVERSION
_b10
_c20130109
_lUCH01
_h1329
650 1 4 _aAzúcar
_xFabricación y refinación
_xMéxico.
_99154
650 1 4 _aCaña de azúcar.
901 _aBK
942 _cFOLL
949 _bBC
_cTES
_d-128369
_eTS1
_i59379
_si
949 _bBC
_cTES
_d-128371
_eTS2
_fc.2
_i59379
_si
999 _c54255
_d54255